00270nam a2200109Ia 4500008004100000100001500041245003900056260003400095300000900129942000700138999001500145190216s9999||||xx |||||||||||||| ||und|| aBhalla V K 0aInternational Financial Management bMarar Sahithya Prakasamc2001 a1126 cBK c6977d6977